=LDR 00000nam 2200000 4500 =001 INLIS000000000005007 =005 20230616022530 =035 ##$$a 0010-061300000005007 =008 230616###########################0###### =041 ##$$a Ind =082 ##$$a 492.7 =090 ##$$a 492.7, Alj a =100 ##$$a Aljurjani, Syekh Abdul Qahir =245 1#$$a Awamil Jurjani : $b Petunjuk Membaca Arab Gundul /$c Syekh Abdul Qahir Aljurjani =260 ##$$a Bandung :$b Trigenda Karya,$c 1995 =300 ##$$a 132 hlm. ; $c 21 cm =650 #4$$a Bahasa Arab - Tata Bahasa =850 ##$$a NBPNMAT =020 ##$$a 979-8422-52-X =084 ##$$a 492.7 ALJ a =990 ##$$a 126.211/Pro.98 =990 ##$$a 126.210/Pro.98 =990 ##$$a 102.248/Pro.96 =990 ##$$a 126.213/pro-98 =990 ##$$a 92374/BPAP-NTB/2014 =990 ##$$a 01201807375